Anton Chekhov's Short Stories (Record no. 248131)

000 -LEADER
fixed length control field 00343 a2200133 4500
001 - CONTROL NUMBER
control field 13058
003 - CONTROL NUMBER IDENTIFIER
control field NUST
005 - DATE AND TIME OF LATEST TRANSACTION
control field 20180118193303.0
008 - FIXED-LENGTH DATA ELEMENTS--GENERAL INFORMATION
fixed length control field 180118b xxu||||| |||| 00| 0 eng d
082 ## - DEWEY DECIMAL CLASSIFICATION NUMBER
Classification number 891.733 MAT
100 ## - MAIN ENTRY--PERSONAL NAME
Personal name Matlaw,R.E
9 (RLIN) 8995
245 ## - TITLE STATEMENT
Title Anton Chekhov's Short Stories
Statement of responsibility, etc. Matlaw,R.E
Medium English
250 ## - EDITION STATEMENT
Edition statement 1st ed
260 ## - PUBLICATION, DISTRIBUTION, ETC.
Place of publication, distribution, etc. New York
Name of publisher, distributor, etc. W.W. Norton & Company
Date of publication, distribution, etc. 1979
300 ## - PHYSICAL DESCRIPTION
Extent 369p
942 ## - ADDED ENTRY ELEMENTS (KOHA)
Institution code [OBSOLETE] NUST-CAE
Koha item type Book
-- Book
Call number prefix 891.733 MAT
Source of classification or shelving scheme
Holdings
Withdrawn status Lost status Damaged status Not for loan Collection code Permanent Location Current Location Date acquired Total Checkouts Full call number Barcode Date last seen Price effective from Koha item type
          College of Aeronautical Engineering (CAE) College of Aeronautical Engineering (CAE) 04/03/2017   891.733 MAT CAEN-2782 04/05/2017 04/05/2017 Book
© 2023 Central Library, National University of Sciences and Technology. All Rights Reserved.